Het slachtofferfonds: het Fonds tot hulp aan de slachtoffers van opzettelijke gewelddaden
| Main Author: | |
|---|---|
| Format: | Print Book |
| Language: | Dutch |
| Published: |
Deurne
Kluwer Rechtswetenschappen Belgie͏̈
1993
|
| In: |
Reeks Recht en praktijk (21)
Year: 1993 |
| Availability in Tübingen: | Present in Tübingen. UB: KB 8 E 4488 |
| Check availability: | HBZ Gateway |
| Subito Delivery Service: | Order now. |
MARC
| LEADER | 00000cam a2200000 c 4500 | ||
|---|---|---|---|
| 001 | 272150959 | ||
| 003 | DE-627 | ||
| 005 | 20230302171116.0 | ||
| 007 | tu | ||
| 008 | 940322s1993 xx ||||| 00| ||dut c | ||
| 020 | |a 9063218680 |9 90-6321-868-0 | ||
| 035 | |a (DE-627)272150959 | ||
| 035 | |a (DE-576)038061295 | ||
| 035 | |a (DE-599)GBV272150959 | ||
| 035 | |a (OCoLC)246408374 | ||
| 035 | |a (OCoLC)29587367 | ||
| 040 | |a DE-627 |b ger |c DE-627 |e rakwb | ||
| 041 | |a dut | ||
| 100 | 1 | |a Sterkens, Marc |4 aut | |
| 245 | 1 | 4 | |a Het slachtofferfonds |b het Fonds tot hulp aan de slachtoffers van opzettelijke gewelddaden |c Marc Sterkens |
| 264 | 1 | |a Deurne |b Kluwer Rechtswetenschappen Belgie͏̈ |c 1993 | |
| 300 | |a XVII, 139 S. | ||
| 336 | |a Text |b txt |2 rdacontent | ||
| 337 | |a ohne Hilfsmittel zu benutzen |b n |2 rdamedia | ||
| 338 | |a Band |b nc |2 rdacarrier | ||
| 490 | 1 | |a Reeks "Recht en praktijk" |v 21 | |
| 583 | 1 | |a Archivierung prüfen |c 20200919 |f DE-640 |z 2 |2 pdager | |
| 830 | 0 | |a Reeks Recht en praktijk |v 21 |9 2100 |w (DE-627)528567802 |w (DE-576)051146444 |w (DE-600)2299308-3 |7 am | |
| 951 | |a BO | ||
| ELC | |b 1 | ||
| LOK | |0 000 xxxxxcx a22 zn 4500 | ||
| LOK | |0 001 3231072778 | ||
| LOK | |0 003 DE-627 | ||
| LOK | |0 004 272150959 | ||
| LOK | |0 005 19960516000000 | ||
| LOK | |0 008 940322||||||||||||||||ger||||||| | ||
| LOK | |0 040 |a DE-21 |c DE-627 |d DE-21 | ||
| LOK | |0 852 |a DE-21 | ||
| LOK | |0 852 1 |c KB 8 E 4488 |9 00 | ||
| LOK | |0 935 |a krim | ||
| LOK | |0 936ln |a k8.9.4 | ||
| LOK | |0 939 |a 22-03-94 |b l01 | ||
| ORI | |a SA-MARC-krimdoka001.raw | ||
| SIG | |a UB: KB 8 E 4488 | ||
